| 000 | 01026cad a22002055a 4500 | ||
|---|---|---|---|
| 001 | E145774 | ||
| 008 | 081106e20081106xxk s000 0 eng d | ||
| 035 | _a(Sirsi) u145774 | ||
| 041 | 0 | _aeng | |
| 110 | 2 |
_aScotland _bScottish Government _95344 |
|
| 245 | 0 | 0 |
_aMeasures to help housing access _h[electronic resource] |
| 260 | _c2008 | ||
| 490 |
_aScottish Government News Release _v6 November 2008 |
||
| 520 | _aRight to Buy has been temporarily suspended in 88 letting areas in Aberdeenshire, due to current pressures on affordable social housing. The areas have now been designated as 'pressured areas': Aberdeenshire Council is the 10th local authority to successfully apply to the Scottish Government under the 'pressured area' sheme. | ||
| 590 | _aKA | ||
| 651 | 4 |
_aScotland _y1999- |
|
| 690 | _aPROPERTY-RESIDENTIAL PROPERTY-DOMESTIC RESIDENTIAL PROPERTY-HOUSING | ||
| 856 | 4 | 0 |
_uhttps://www.scotland.gov.uk/News/Releases/2008/11/06094833 _zView the press release free of charge at www.scotland.gov.uk... |
| 942 | _n0 | ||
| 999 |
_c80933 _d80933 |
||